| 000 | 00920nam a2200277 a 4500 | ||
|---|---|---|---|
| 001 | 65825 | ||
| 003 | BD-RjUL | ||
| 005 | 20211209081452.0 | ||
| 008 | 170312s1983 ii ||||| |||| 00| 0 eng d | ||
| 035 | _a(BD-RjUL)65955 | ||
| 040 |
_aBD-RjUL _beng _cBD-RjUL |
||
| 041 | _aeng | ||
| 082 |
_223 _a571.8452 _bMAS 1983 |
||
| 100 | 1 |
_aMathew, P. M. _9194647 |
|
| 245 | 1 | 0 |
_aStudies in the pollen morphology of South Indian Rubiaceae / _cP. M. Mathew, Omana Philip and Edited by P. K .K. Nair |
| 260 |
_aNew Delhi : _bPrints India, _c©1983. |
||
| 300 |
_a74 p. : _bill. ; _c25 cm. |
||
| 490 | _aAdvances in pollen spore research, | ||
| 504 | _aIncludes bibliographical | ||
| 650 |
_aPalynology _9170929 |
||
| 650 |
_aPsychotria _vPollen _xMorphology. _9194648 |
||
| 700 |
_aPhilip, Omana _9194649 |
||
| 700 |
_aNair, P. K .K. _9194650 |
||
| 830 |
_aAdvances in pollen spore research, _v10. _9194652 |
||
| 942 |
_2ddc _cBK |
||
| 999 |
_c65825 _d65825 |
||